Welcome to the Holygrace Academy Library

Please use search bar below to get started

A LITTLE GIRL NAMED CONTENTMENT (Record no. 2908)

MARC details
000 -LEADER
fixed length control field 00408nam a22001577a 4500
020 ## - INTERNATIONAL STANDARD BOOK NUMBER
ISBN 978-81-8449-231-6
082 ## - DEWEY DECIMAL CLASSIFICATION NUMBER
Classification number 823
Item number THO/L
100 ## - MAIN ENTRY--AUTHOR NAME
Personal name THOMAS, VERNON
245 ## - TITLE STATEMENT
Title A LITTLE GIRL NAMED CONTENTMENT
Remainder of title SHORT STORY
246 ## - VARYING FORM OF TITLE
Title proper/short title A LITTLE GIRL NAMED CONTENTMENT
Remainder of title SHORT STORY
260 ## - PUBLICATION, DISTRIBUTION, ETC. (IMPRINT)
Place of publication CHENNAI
Name of publisher YONG KIDS PRESS
Year of publication 2012
300 ## - PHYSICAL DESCRIPTION
Number of Pages 66
520 ## - SUMMARY, ETC.
Summary, etc SHORT STORY
650 ## - SUBJECT ADDED ENTRY--TOPICAL TERM
Topical Term SHORT STORY
942 ## - ADDED ENTRY ELEMENTS (KOHA)
Koha item type Books
Holdings
Withdrawn status Lost status Collection code Home library Current library Shelving location Date acquired Source of acquisition Cost, normal purchase price Full call number Accession Number Koha item type
    Fiction Main Library Main Library SHELF 4-F ENGLISH CLASSICS 04/10/2019 Purchase 40.00 823 THO/L 11603 Books